Systémy péče o jakost

Salvato in:
Dettagli Bibliografici
Autore principale: Liberský, Václav
Natura: Libro
Lingua:ceco
Pubblicazione: Praha Vydavatelství úřadu pro normalizaci a měření 1972
Serie:Péče o jakost sv. 10
Tags: Aggiungi Tag
Nessun Tag, puoi essere il primo ad aggiungerne!!

MARC

LEADER 00000nam a2200000 4500
001 c120482
005 20041019155217.1
041 0 |a cze 
044 |a CZ 
245 1 0 |a Systémy péče o jakost  |c Václav Liberský 
264 1 |a Praha  |b Vydavatelství úřadu pro normalizaci a měření  |c 1972 
300 |a 89 s. 
490 1 |a Péče o jakost  |v sv. 10 
830 0 |a Péče o jakost  |v sv. 10 
100 1 |a Liberský, Václav